000
00278nam a22001217a 4500
008
171027b xxu||||| |||| 00| 0 eng d
041
_a
eng
080
_a
336
100
_a
55
101
_a
MEN
245
_a
CASES IN MODERN FINANCIAL MANAGEMENT
_c
WIPPERN, R.F
942
_2
udc
_c
BK
999
_c
36053
_d
36053